Goober Dash Players who won Crown Season - Statistics

General Stats
  • This quiz has been taken 3 times
  • The average score is 19 of 33
Answer Stats
Total Seasons Won Goober % Correct
9 LUCIFER
100%
11 Sk
100%
2 Worldx
100%
5 AGuyThatsCool
67%
1 Berterguden
67%
1 Boop
67%
1 DreamyBread.XCJF
67%
3 Gaming Beast
67%
1 GG ToJ Goob Lord
67%
7 GoodGoob
67%
2 Isr
67%
1 jess
67%
2 Juniper
67%
2 NCR
67%
1 Prodoglover
67%
1 ToJ Seatr0n
67%
1 ToJ SigmundFreud
67%
2 ToJ TRow
67%
1 twilightphi
67%
1 Unlimited.Blade.Work
67%
1 WitherBreaker
67%
4 Yoyo
67%
2 AwFiddlstix
33%
2 BOOPSY
33%
1 COLT
33%
2 GARAM MARARAM
33%
1 GG_KYTTAS.69
33%
1 Heaven Door
33%
1 LEAFY
33%
1 Skott
33%
1 ToJ GooberNut
33%
1 ToJ TheQueen
33%
1 AGD
0%
No matching quizzes found
Score Distribution
Percent of People with Each Score
Percentile by Number Answered
Your Score History
You have not taken this quiz